Statistics for Tallest Skyscrapers/Buildings in Washington State

Click here to take the quiz!

General Stats

  • This quiz has been taken 4 times
  • The average score is 4 of 99

Answer Stats

CityHeightNumber of FloorsAnswer% Correct
Seattle937 ft76Columbia Center
100%
Spokane288ft20Bank of America Financial Center
67%
Bellevue270ft21Bank of America Tower
67%
Seattle605 ft5Space Needle
67%
Spokane224ft20Davenport Hotel Tower
33%
Spokane219ft16U.S. Bank Building
33%
Spokane243ft18Wells Fargo Center
33%
Seattle493ft431000 Second Avenue
0%
Seattle454ft341111 Third Avenue
0%
Seattle425ft411120 Denny Way North Tower
0%
Seattle415ft411120 Denny Way South Tower
0%
Tacoma338ft251201 Pacific
0%
Seattle772 ft551201 Third Avenue
0%
Seattle498ft331600 Seventh Avenue
0%
Seattle500ft361918 Eighth Avenue
0%
Bellevue449ft31400 Lincoln Square
0%
Seattle543 ft42800 Fifth Avenue
0%
Seattle536 ft41901 Fifth Avenue
0%
Bellevue250ft19929 Tower
0%
Seattle440ft36AMLI Arc
0%
Seattle440ft41Arrive
0%
Bellevue240ft20Ashton Bellevue
0%
Bellevue230ft24Avalon Towers Bellevue East Tower
0%
Bellevue259ft23Bellevue Pacific Tower
0%
Bellevue430ft42Bellevue Towers - North Tower
0%
Bellevue450ft43Bellevue Towers - South Tower
0%
Bellevue245ft23Brio North
0%
Bellevue240ft16Center 425
0%
Spokane205ft15Chase Building
0%
Seattle440ft41Cirrus
0%
Bellevue358ft27City Center Bellevue
0%
Bellevue360ft26City Center East
0%
Seattle521 ft37Day 1
0%
Seattle573 ft47DocuSign Tower
0%
Seattle524 ft37Doppler
0%
Bellevue247ft22Elements Apartments - Building 958
0%
Bellevue288ft26Elements Apartments - Building 989
0%
Seattle400ft37Espira
0%
Seattle660 ft43F5 Tower
0%
Seattle440ft38Fifteen Twenty-One Second Avenue
0%
Seattle512ft40Fourth and Madison Building
0%
Seattle440ft40Helios
0%
Seattle487ft37Henry M. Jackson Federal Building
0%
Tacoma278ft26Hotel Murano
0%
Bellevue265ft25Hyatt Regency Bellevue
0%
Seattle520 ft45Hyatt Regency Seattle
0%
Seattle440ft41Insignia North Tower
0%
Seattle440ft41Insignia South Tower
0%
Tacoma232ft17Key Bank Tower
0%
Everett203ft11Key Bank Tower
0%
Bellevue322ft22Key Center
0%
Seattle435ft40Kiara
0%
Seattle440ft40Kinects
0%
Bellevue412ft28Lincoln Square North
0%
Seattle530 ft36Madison Centre
0%
Tacoma264ft21Marriott Tacoma Downtown
0%
Seattle446ft39McKenzie Apartments
0%
Seattle440ft38Modern
0%
Seattle440ft40Nexus
0%
Seattle455ft39Olive 8
0%
Bellevue240ft21One88
0%
Bellevue260ft22One Bellevue Center
0%
Bellevue450ft42One Lincoln Tower
0%
Seattle456ft36One Union Square
0%
Bellevue250ft24One Washington Square
0%
Spokane221ft18Paulsen Medical and Dental Building
0%
Seattle440ft42Premiere on Pine
0%
Seattle527ft38Qualtrics Tower
0%
Seatle850 ft58Rainier Square Tower
0%
Seattle514ft31Rainier Tower
0%
Seattle520 ft37re: Invent
0%
Seattle440ft41Ren
0%
Seattle598 ft42Russel Investments Center
0%
Seattle630 ft50Safeco Plaza
0%
Seattle722 ft62Seattle Municipal Tower
0%
Bellevue318ft24Skyline Tower
0%
Seattle462ft42Smith Tower
0%
Bellevue248ft22SoMa North Tower
0%
Seattle440ft41Spire
0%
Seattle440ft41Stratus
0%
Bellevue324ft25Symetra Financial Center
0%
Tacoma230ft17Tacoma Financial Center
0%
Tacoma233ft15Tacoma Municipal Building
0%
Bellevue240ft22Ten20
0%
Bellevue280ft23The Bravern - Building 2
0%
Bellevue325ft33The Bravern - North Tower
0%
Bellevue325ft33The Bravern - South Tower
0%
Seattle435 ft40The Emerald
0%
Seattle484ft44The Ivey
0%
Bellevue272ft20Tower 333
0%
Bellevue450ft42Two Lincoln Tower
0%
Seattle740 ft56Two Union Square
0%
Bellevue260ft25Two Washington Square
0%
Seattle606 ft44U.S. Bank Centre
0%
Tacoma237ft17Washington Building
0%
Spokane212ft16Washington Trust Financial Center
0%
Seattle435ft35West Edge Tower
0%
Seattle409ft34Westin Building
0%
Seattle449ft47Westin Seattle North Tower
0%

Score Distribution

Percentile by Number Answered

Percent of People with Each Score

Your Score History

You have not taken this quiz